Libro del ascenso y descenso del entendimiento

Guardat en:
Dades bibliogràfiques
Autor principal: Llull, Ramón
Format: Llibre
Idioma:Undetermined
Publicat: Barcelona, España Ediciones Orbis 1985
Matèries:
Etiquetes: Afegir etiqueta
Sense etiquetes, Sigues el primer a etiquetar aquest registre!

MARC

LEADER 00000nam a2200000Ia 4500
008 170316s9999 xx 000 0 und d
090 |a 100 L-43.1L 
100 |a Llull, Ramón 
245 |a Libro del ascenso y descenso del entendimiento 
260 |a Barcelona, España 
260 |b Ediciones Orbis 
260 |c 1985 
300 |a 160 páginas 
650 |a FILOSOFÍA 
650 |a ENTENDIMIENTO 
650 |a DE LA PIEDRA Y DE SU ACTO 
650 |a DE LA LLAMA Y DE SU ACTO 
650 |a PLANTAS Y DE SU ACTO 
650 |a DEL BRUTO 
650 |a DEL HOMBRE Y DE SU ACTO 
650 |a DEL CIELO Y SU ACTO 
650 |a DE DIOS Y SU ACTO 
999 |c 16844  |d 16844 
040 |a cru BVZT 
942 |c 15 D  |h 100 L-43.1L  |2 z